<?xml version="1.0" encoding="UTF-8"?>
<record
    xmlns:xsi="http://www.w3.org/2001/XMLSchema-instance"
    xsi:schemaLocation="http://www.loc.gov/MARC21/slim http://www.loc.gov/standards/marcxml/schema/MARC21slim.xsd"
    xmlns="http://www.loc.gov/MARC21/slim">

  <leader>00558nam a22001697a 4500</leader>
  <controlfield tag="003">OSt</controlfield>
  <controlfield tag="005">20200802125033.0</controlfield>
  <controlfield tag="008">200802b        xxu||||| |||| 00| 0 eng d</controlfield>
  <datafield tag="040" ind1=" " ind2=" ">
    <subfield code="c">Marathi</subfield>
  </datafield>
  <datafield tag="082" ind1=" " ind2=" ">
    <subfield code="b">947</subfield>
  </datafield>
  <datafield tag="100" ind1=" " ind2=" ">
    <subfield code="a">&#x92B;&#x921;&#x915;&#x947;, &#x928;&#x93E;.&#x938;&#x940;.</subfield>
  </datafield>
  <datafield tag="245" ind1=" " ind2=" ">
    <subfield code="a">&#x91A;&#x93E;&#x939;&#x942;&#x932; </subfield>
  </datafield>
  <datafield tag="260" ind1=" " ind2=" ">
    <subfield code="a">&#x92A;&#x941;&#x923;&#x947; </subfield>
    <subfield code="b">&#x92A;&#x902;&#x921;&#x93F;&#x924; &#x905;&#x928;&#x902;&#x924; &#x915;&#x941;&#x932;&#x915;&#x930;&#x94D;&#x923;&#x940; </subfield>
    <subfield code="c">1954</subfield>
  </datafield>
  <datafield tag="300" ind1=" " ind2=" ">
    <subfield code="a">&#x968;&#x96F;&#x96D; &#x92A;&#x943;&#x937;&#x94D;&#x920;&#x947; </subfield>
  </datafield>
  <datafield tag="856" ind1=" " ind2=" ">
    <subfield code="u">http://dspace.vpmthane.org:8080/jspui/bitstream/123456789/8773/1/947Chaahuula-Dditiiyaavrxtti.pdf</subfield>
  </datafield>
  <datafield tag="942" ind1=" " ind2=" ">
    <subfield code="2">ddc</subfield>
    <subfield code="c">EBOOK</subfield>
  </datafield>
  <datafield tag="999" ind1=" " ind2=" ">
    <subfield code="c">1408259</subfield>
    <subfield code="d">1408254</subfield>
  </datafield>
  <datafield tag="952" ind1=" " ind2=" ">
    <subfield code="0">0</subfield>
    <subfield code="1">0</subfield>
    <subfield code="2">ddc</subfield>
    <subfield code="4">0</subfield>
    <subfield code="7">0</subfield>
    <subfield code="a">VPMDIGI</subfield>
    <subfield code="b">VPMDIGI</subfield>
    <subfield code="d">2020-08-02</subfield>
    <subfield code="l">0</subfield>
    <subfield code="o">947</subfield>
    <subfield code="p">VPMDIGI-947</subfield>
    <subfield code="r">2020-08-02 00:00:00</subfield>
    <subfield code="u">http://dspace.vpmthane.org:8080/jspui/bitstream/123456789/8773/1/947Chaahuula-Dditiiyaavrxtti.pdf</subfield>
    <subfield code="w">2020-08-02</subfield>
    <subfield code="y">EBOOK</subfield>
  </datafield>
</record>
